[Event "Radenci op"]
[Site "Radenci"]
[Date "2015.04.26"]
[Round "5"]
[White "Meglic, Jaka"]
[Black "Maric Vild, Fabijan"]
[Result "1-0"]
[WhiteElo "1743"]
[BlackElo "1496"]
[PlyCount "117"]
[EventDate "2015.04.24"]
[EventType "swiss"]
[EventRounds "7"]
[EventCountry "SLO"]
[SourceTitle "EXT 2024"]
[Source "ChessBase"]
[SourceDate "2023.10.10"]
[SourceVersion "1"]
[SourceVersionDate "2023.10.10"]
[SourceQuality "1"]

1. e4 c5 2. Nf3 e6 3. d4 cxd4 4. Nxd4 Nc6 5. Nc3 Qc7 6. a3 a6 7. Be3 Nf6 8. Be2 Be7 9. 0-0 0-0 10. f4 d6 11. Kh1 b5 12. Nxc6 Qxc6 13. Bf3 Bb7 14. e5 Nd5 15. Nxd5 exd5 16. exd6 Bxd6 17. Qd2 Rac8 18. c3 Bc5 19. Rad1 Bxe3 20. Qxe3 Rfe8 21. Qd2 Rcd8 22. g3 h6 23. Qf2 Re7 24. Rd4 Rde8 25. Rfd1 Qb6 26. Kg2 Kf8 27. R1d2 Rd8 28. Kf1 Qe6 29. Re2 Qf6 30. Rdd2 Rxe2 31. Rxe2 Re8 32. Qc5+ Re7 33. Bxd5 Ke8 34. Qxe7+ Qxe7 35. Rxe7+ Kxe7 36. Bxb7 a5 37. Ke2 Kd6 38. Kd3 f6 39. c4 b4 40. axb4 axb4 41. Kd4 g5 42. c5+ Kc7 43. Kc4 Kxb7 44. Kxb4 Kc6 45. Kc4 f5 46. b4 gxf4 47. gxf4 Kc7 48. b5 h5 49. h4 Kd7 50. Kd5 Kc7 51. Ke6 Kb7 52. Kxf5 Kc7 53. Kg6 Kb7 54. Kxh5 Kc7 55. Kg6 Kb7 56. h5 Kc7 57. h6 Kb7 58. h7 Kc8 59. Kf6 1-0